000 00472nam a2200145Ia 4500
008 100204s9999 xx 000 0 und d
082 _b26450
100 _aतेंडुलकर प्रिया
245 _aपंचतारांकित
260 _b"राजहंस प्रकाशन , पुणे"
_c2003/3
300 _a134
630 _aपंचतारांकित
730 _aपंचतारांकित
942 _cBOOK
999 _c471627
_d471624